Central Library OPAC University of Rajshahi

The psychology of ego-involvements, social attitudes & identifications / (Record no. 31198)

MARC details
000 -LEADER
fixed length control field 00961nam a2200277 a 4500
001 - CONTROL NUMBER
control field 31198
003 - CONTROL NUMBER IDENTIFIER
rucl marc code BD-RjUL
005 - DATE AND TIME OF LATEST TRANSACTION
control field 20211209051654.0
008 - FIXED-LENGTH DATA ELEMENTS--GENERAL INFORMATION
fixed length control field 140413r19491947nyu b 001 0 eng d
035 ## - SYSTEM CONTROL NUMBER
System control number (BD-RjUL)31285
040 ## - CATALOGING SOURCE
Original cataloging agency VCAV
Language of cataloging eng
Transcribing agency VCAV
Modifying agency SSL
041 ## - LANGUAGE CODE
Language code of text/sound track or separate title eng
082 14 - DEWEY DECIMAL CLASSIFICATION NUMBER
Classification number 153.72
Author mark and year SHP 1949
100 1# - MAIN ENTRY--PERSONAL NAME
Personal name Sherif, Muzafer,
Dates associated with a name 1905-
9 (RLIN) 91983
245 14 - TITLE STATEMENT
Title The psychology of ego-involvements, social attitudes & identifications /
Statement of responsibility, etc. by Muzafer Sherif, Hadley Cantril.
260 ## - PUBLICATION, DISTRIBUTION, ETC. (IMPRINT)
Place of publication, distribution, etc. New York :
Name of publisher, distributor, etc. John Wiley & Sons ;
Place of publication, distribution, etc. London :
Name of publisher, distributor, etc. Chapman & Hall, limited,
Date of publication, distribution, etc. 1947.
300 ## - PHYSICAL DESCRIPTION
Pagination viii, 525 p. ;
Size 24 cm.
500 ## - GENERAL NOTE
General note "References" at end of each chapter except chapter 1.
504 ## - BIBLIOGRAPHY, ETC. NOTE
Bibliography, etc Includes bibliographical references and index.
650 #0 - SUBJECT ADDED ENTRY--TOPICAL TERM
Topical term or geographic name as entry element Self.
9 (RLIN) 94885
Topical term or geographic name as entry element Social psychology.
9 (RLIN) 94886
700 1# - ADDED ENTRY--PERSONAL NAME
Personal name Cantril, Hadley,
Dates associated with a name 1906-1969.
942 ## - ADDED ENTRY ELEMENTS (KOHA)
Source of classification or shelving scheme Dewey Decimal Classification
Koha item type Books
Holdings
Lost status Source of classification or shelving scheme Damaged status Not for loan Collection code Permanent Location Current Location Shelving location Date acquired Source of acquisition Cost, normal purchase price Total Checkouts Full call number Date last seen Copy number Koha item type
  Dewey Decimal Classification   Not For Loan Non-fiction Central Library, University of Rajshahi Central Library, University of Rajshahi Reading Room 06/01/1958 Mahmud Brothers. 7.25   153.72 SHP 1949 13/04/2014 C-1 Books